书目信息 |
| 题名: |
工程结构可靠性设计统一标准 GB 50153-2008
|
|
| 作者: | ;中国建筑工业出版社 编 | |
| 分册: | ||
| 出版信息: | 北京 中国建筑工业出版社 2009 |
|
| 页数: | 63页 | |
| 开本: | 20cm | |
| 丛书名: | ||
| 单 册: | ||
| 中图分类: | TU201.5 | |
| 科图分类: | ||
| 主题词: | 建筑--中国 | |
| 电子资源: | ||
| ISBN: | 978-7-112-16942-9 | |
| 000 | 00674nam0-2200217 450 | |
| 001 | 0100004554 | |
| 005 | 20240528080625.48 | |
| 010 | @a978-7-112-16942-9@dCNY450.00 | |
| 100 | @a20160926d2009 em y0chiy50 ea | |
| 101 | 0 | @achi |
| 102 | @aCN@b110000 | |
| 105 | @aa z 000yy | |
| 106 | @ar | |
| 200 | 1 | @a工程结构可靠性设计统一标准 GB 50153-2008@Agong cheng jie gou ke kao xing she ji tong yi biao zhun GB 50153-2008@f中国建筑工业出版社编 |
| 210 | @a北京@c中国建筑工业出版社@d2009 | |
| 215 | @a63页@c图@d20cm | |
| 606 | 0 | @a建筑@y中国 |
| 690 | @aTU201.5@v5 | |
| 711 | 02 | @a中国建筑工业出版社@4编 |
| 801 | 0 | @aCN@c20160915 |
| 905 | @a河南城建学院图书馆@dTU201.5@eZ567-7 | |
| 工程结构可靠性设计统一标准 GB 50153-2008/中国建筑工业出版社编.-北京:中国建筑工业出版社,2009 |
| 63页:图;20cm |
| ISBN 978-7-112-16942-9:CNY450.00 |
| ● |
| 相关链接 |
|
|
|
正题名:工程结构可靠性设计统一标准 GB 50153-2008
索取号:TU201.5/Z567-7
 
预约/预借
| 序号 | 登录号 | 条形码 | 馆藏地/架位号 | 状态 | 备注 |
| 1 | 1287283 | 212872836 | 建筑库101/101建筑库 38排1列2层/ [索取号:TU201.5/Z567-7] | 在馆 |